Mulappaal/ (Record no. 29688)

000 -LEADER
fixed length control field 00357nam a22001451a 4500
082 ## - DEWEY DECIMAL CLASSIFICATION NUMBER
Classification number M3
Item number KUM/M
100 ## - MAIN ENTRY--PERSONAL NAME
Personal name Kumaran U K
9 (RLIN) 90101
245 ## - TITLE STATEMENT
Title Mulappaal/
Statement of responsibility, etc. by Kumaran U K.
260 ## - PUBLICATION, DISTRIBUTION, ETC.
Name of publisher, distributor, etc. U K Kumaran:
Date of publication, distribution, etc. 1981.
Place of publication, distribution, etc.
300 ## - PHYSICAL DESCRIPTION
Extent 132p.
650 ## - SUBJECT ADDED ENTRY--TOPICAL TERM
Topical term or geographic name entry element Novel Malayalam
9 (RLIN) 90102
650 ## - SUBJECT ADDED ENTRY--TOPICAL TERM
Topical term or geographic name entry element Literature Malayalam
9 (RLIN) 90103
650 ## - SUBJECT ADDED ENTRY--TOPICAL TERM
Topical term or geographic name entry element Literature
9 (RLIN) 90104
942 ## - ADDED ENTRY ELEMENTS (KOHA)
Koha item type Book
Holdings
Withdrawn status Lost status Damaged status Not for loan Permanent Location Current Location Date acquired Cost, normal purchase price Total Checkouts Full call number Barcode Date last seen Cost, replacement price Price effective from Koha item type
    Damaged   Sree Sankaracharya University of Sanskrit Sree Sankaracharya University of Sanskrit 08.01.2015 8.50   M3 KUM/M 012535 14.09.2015 0.00 08.01.2015 Book